LIBRARY & INFORMATION CENTRE, KCAET, TAVANUR

ONLINE PUBLIC ACCESS CATALOGUE (OPAC)

Outlines of dairy technology / (Record no. 1800)

MARC details
000 -LEADER
fixed length control field 00332cam a2200133ua 4500
020 ## - INTERNATIONAL STANDARD BOOK NUMBER
ISBN 0 19 561194 2
082 ## - DEWEY DECIMAL CLASSIFICATION NUMBER
Classification number 637.14
Item number SUK/OU
100 ## - MAIN ENTRY--AUTHOR NAME
Personal name Sukumar de, .
245 ## - TITLE STATEMENT
Title Outlines of dairy technology /
250 ## - EDITION STATEMENT
Edition statement 1 /
260 ## - PUBLICATION, DISTRIBUTION, ETC. (IMPRINT)
Place of publication Delhi :
Name of publisher Oxford University Press ,
Year of publication 1992.
300 ## - PHYSICAL DESCRIPTION
Number of Pages 539 :
Other physical details ` ; .
942 ## - ADDED ENTRY ELEMENTS (KOHA)
Koha item type Books
Holdings
Withdrawn status Lost status Damaged status Home library Current library Date acquired Full call number Accession Number Koha item type Collection code Shelving location Source of acquisition Cost, normal purchase price
      KAUAET KAUAET 07/04/2012 637.14 18613 Books        
      KAUAET KAUAET 07/04/2012 637.14 18705 Books        
      KAUAET KAUAET 07/04/2012 637.14 18411 Books        
      KAUAET KAUAET 07/04/2012 637.14 18614 Books        
Withdrawn   Damaged KAUAET KAUAET 07/04/2012 637.14 18612 Books        
      KAUAET KAUAET 07/04/2012 637.14 18279 Books        
      KAUAET KAUAET 07/04/2012 637.14 18281 Book Bank scheme for SC students        
      KAUAET KAUAET 07/04/2012 637.14 21707 Books        
      KAUAET KAUAET 30/03/2017 637.14 SUK/OU 25508 Books   General Stacks Aman Books 550.00
      KAUAET KAUAET 30/03/2017 637.14 SUK/OU 25509 Books   General Stacks Aman Books 550.00
      KAUAET KAUAET 30/03/2017 637.14 SUK/OU 25510 Books   General Stacks Aman Books 550.00
      KAUAET KAUAET 30/03/2017 637.14 SUK/OU 25511 Books   General Stacks Aman Books 550.00
      KAUAET KAUAET 29/05/2018 637.14 SUK/OU BB 383 Book Bank scheme for SC students       500.00
      KAUAET KAUAET 27/05/2019 637.14 SUK/OU 25983 Books Non-fiction General Stacks   595.00
      KAUAET KAUAET 27/05/2019 637.14 SUK/OU 25984 Books Non-fiction General Stacks   595.00
      KAUAET KAUAET 31/05/2019 637.14 SUK/OU BB 511 Book Bank scheme for SC students Non-fiction Scheme   550.00
      KAUAET KAUAET 03/06/2019 637.14 SUK/OU BB 512 Books Non-fiction Scheme   550.00
free website counter